000 00830nam a22002777a 4500
001 6850
003 FISKH
005 20250710105210.0
008 250603b cb ||||| |||| 00| 0 eng d
020 _a9780516238470
040 _aFISKH
_beng
_cFISKH
_dFISKH
050 _aTH9148 .K68
082 _a628.925
100 _aKottke, Jan
245 _aA day with firefighters /
_cby Jan Kottke
250 _aFirst Scholastic printing, September 2002
260 _aNew York :
_bScholastic,
_c2000.
300 _a24 pages :
_bcolor illustrations ;
_c16 cm
505 _aG
520 _aDescribes what firefighters wear, the equipment they use, and how they fight fires.
521 8 _a330
_bLexile
521 8 _aG
_bRaz-Plus
650 _aCommunity Helpers
_vFire Safety
942 _2ddc
_cBK
_n0
999 _c6850
_d6850